Pay structure in Greece, 1974-1994
Αποθηκεύτηκε σε:
| Κύριος συγγραφέας: | |
|---|---|
| Μορφή: | Βιβλίο |
| Γλώσσα: | English |
| Δημοσίευση: |
Athens :
Centre of Planning and Economic Research,
1997
|
| Σειρά: | Εργασίες για συζήτηση = Discussion papers ;
; 65 |
| Θέματα: | |
| Ετικέτες: |
Προσθήκη ετικέτας
Δεν υπάρχουν, Καταχωρήστε ετικέτα πρώτοι!
|
MARC
| LEADER | 00000cam a2200000 i 4500 | ||
|---|---|---|---|
| 001 | 1/10931 | ||
| 008 | 970617s1997 eng d | ||
| 035 | |1 ΠΑΡ |a 1997 |l 10018062 | ||
| 040 | |a GR-MY-UA |b gre |e aacr | ||
| 041 | 0 | |a eng | |
| 082 | 0 | |a 331.2109495 | |
| 100 | 1 | |a Κανελλόπουλος, Κωσταντίνος Ν. | |
| 245 | 1 | 0 | |a Pay structure in Greece, 1974-1994 / |c C. Kanellopoulos |
| 260 | |a Athens : |b Centre of Planning and Economic Research, |c 1997 | ||
| 300 | |a 38 p. |b tables, fig. | ||
| 490 | 1 | |a Εργασίες για συζήτηση |v ; 65 | |
| 504 | |a Bibliography: p. 37-38 | ||
| 650 | 0 | 0 | |a Wages and labor productivity |z Greece. |
| 650 | 0 | 0 | |a Labor supply |z Greece. |
| 830 | 0 | |a Εργασίες για συζήτηση = Discussion papers ; |v ; 65 | |
| 852 | |a INST |b LESVOS |e 19970617 |h 331.2109495 ΚΑΝ |p 005100010997 |q 005100010997 |t BK |y 0 | ||
| 909 | |a Λ |b 046542 | ||
| 970 | |z 2000/05/ΟΙΚΟΝΟΜΟΠΟΥΛΟΥ ΧΡΙΣΤΙΝΑ | ||